01769nam a2200373 i 4500001001000000003000900010005001700019007000300036008004100039020001500080040003000095082002700125100004500152245007600197264007200273300002100345490005100366490002600417500007300443500007300516504003200589590002800621650003100649650003600680650004700716830008100763910000700844942001400851952013500865952012101000952012601121952013101247999001701378000021107DO-SdBNP20240108090045.0ta100831s2004 dr r 000 0 spa d a9993430641 aDO-SdBNPbspacBNPHUerda a972.9300497bG215c2221 aGarcía Brens, Lilliam de944134eautor10aCultural indígena y educación natural /cLilliam García de Brens. aSanto Domingo :bBanco Central de la República Dominicana,c2004. a222 p. ;c23 cm.1 aBanco Central de la República Dominicanav671 aCiencias socialesv14 aIncluye datos biográficos de la autora en la solapa de la cubierta aIncluye referencias bibliográficas y notas al pie de las páginas aBibliografía : p. 201-213 aInventariado, 2024 / DG 4aCulturas indígenas91857 4aIndígenasxEducación944135 4aIndígenaszRepública Dominicana944136 0aBanco Central de la República Dominicanan67pCiencias socialesn14944137 aDG 2ddccLBS1 001054708DSaGRbGRcHDd2010-08-31iLF1l0o972.9300497 G215cp21107-30r2020-06-25te.3w2020-06-25yLFDSZPréstamo en sala 0010718PDaPDbPDcHDd2010-08-31iLF1l0o972.9300497 G215cp21107-10r2020-06-25w2020-06-25yLFPDZNo se presta 0010718PDaPDbPDcHDd2010-08-31iLF1l0o972.9300497 G215cp21107-20r2020-06-25te.2w2020-06-25yLFPDZNo se presta 00102ddc56708DSaBNPHUbBNPHUcCTd2024-01-08l0oBNPHU DS 972.9300497 G215cp2024-0084r2024-01-08te.4w2024-01-08yLBS1 c20609d20609